Normal view
MARC view
Entry Topical Term
001 - CONTROL NUMBER
- control field: 49135
003 - CONTROL NUMBER IDENTIFIER
- control field: OSt
005 - DATE AND TIME OF LATEST TRANSACTION
- control field: 20241128144629.0
008 - FIXED-LENGTH DATA ELEMENTS
- fixed length control field: 241128|| aca||aabn | a|a d
040 ## - CATALOGING SOURCE
- Original cataloging agency: OSt
- Transcribing agency: OSt
150 ## - HEADING--TOPICAL TERM
- Topical term or geographic name entry element: Administrative performance, Judicial review, Constructive relationship.
670 ## - SOURCE DATA FOUND
- Source citation: Work cat.: (OSt): Chen, Tianhao Sheng, Yu Xu, Wei and Yu, Xiaohong 49134, Judicializing public interests: Administrative performance under the shadow of judicial review
